Σχεδιασμός πετυχημένων ιστοσελίδων : μάρκετινγκ και πωλήσεις προϊόντων και υπηρεσιών μέσω διαδικτύου

Αποθηκεύτηκε σε:
Λεπτομέρειες βιβλιογραφικής εγγραφής
Κύριος συγγραφέας: Αρσένης, Σπύρος
Μορφή: Βιβλίο
Γλώσσα:Greek
Δημοσίευση: Αθήνα : Κλειδάριθμος, c2007
Θέματα:
Ετικέτες: Προσθήκη ετικέτας
Δεν υπάρχουν, Καταχωρήστε ετικέτα πρώτοι!

MARC

LEADER 00000cam a2200000 i 4500
001 1/51350
008 140708s2007 gre d
020 |a 978-960-461-041-9 
035 |l 10118315 
040 |a GR-MY-UA  |b gre  |e aacr 
041 0 |a gre 
082 0 |a 004.21  |2 (22) 
100 1 |a Αρσένης, Σπύρος. 
245 1 0 |a Σχεδιασμός πετυχημένων ιστοσελίδων :  |b μάρκετινγκ και πωλήσεις προϊόντων και υπηρεσιών μέσω διαδικτύου /  |c Σπύρος Δ. Αρσένης 
260 |a Αθήνα :   |b Κλειδάριθμος,   |c c2007 
300 |a 444 σ. ;  |b σχέδια ;  |c 24 εκ.  
500 |a Με 50 μελέτες περιπτώσεων και λυμένες ασκήσεις 
504 |a Βιβλιογραφία: σ. 419-425. Ευρετήριο 
650 0 0 |a Computer networks  |x Design and construction. 
650 0 0 |a Computer networks  |x Problems, exercises, etc. 
650 0 0 |a Internet marketing. 
852 |a INST  |b CHIOS  |e 20140708  |h 004.21 ΑΡΣ  |p 005200036893  |q 005200036893  |t BK  |y 0 
901 |a BIBL2-2014-2 
909 |a Χ  |b 180776 
970 |a ΣΑΛΑΜΟΥΡΑ  |b ΜΑΡΙΑ  |z 2014/07/08